01868nam a2200301 a 4500001001000000005001700010008004100027041000800068044000800076084002000084100004500104245010900149260004400258300002200302500019700324500011500521500048900636500007401125500001001199546002401209650005201233650005601285650003401341650004501375700004901420700004701469740005001516BRCA_325720190320204205.0120309s1822----enka---###---#000-0#eng-# aeng aenk a558b.R63c18221 aCervantes Saavedra, Miguel ded1547-161610aThe History of the Ingenious Gentleman Don Quixote of La ManchacTranslated from the Spanish by Motteux. aEdinburgobHurst Robinson and Co.c1822 a5 v.bil.c19 cm. aContenido : v.1. Primera parte. Vida de Cervantes por J. G. Lockhart. Prólogo del autor. Notas. -- v.2. Texto. Notas. -- v.3. Texto. Notas. -- v.4. Segunda parte. Notas. -- v.5. Texto. Notas aEdición : A new Edition with Copious Notes and Essay on the Life and Writings of Cervantes by J. G. Lockhart aTraducción de Motteux, acompañada de un ensayo sobre la vida de Cervantes inspirada en la excelente, escrita por M. F. de Navarrete, con notas al final de los tomos, sacadas de las ediciones de la Academia, de la de Pellicer y de J. Bowle, por J. G. Lockhart. El trabajo de este último es verdaderamente bueno y recomendable para los lectores de lengua inglesa. La edición muy bien impresa y digna de aprecio. Piel; planos orlados, lomos decorados con dorados Lúdovik Osterc aEstado físico : vol. 1 encuadernación maltratada y lomo maltrecho aQM945 aTexto en : inglés14aNovela españolayÉpoca clásica, 1500-170014aLiteratura españolayÉpoca clásica, 1500-170014aNovela españolaySiglo XVII14aDon Quijote (Personaje ficticio)eNovela1 aMotteux, Peter Anthonyd1663-1718eTraductor1 aLockhart, John Gibsond1794-1854eAnotador0 aEl Ingenioso Hidalgo Don Quijote de la Mancha